000 004590000a22001810004500
003 MACL
005 20151229150336.0
008 151229b xxu||||| |||| 00| 0 eng d
040 _aMACL
_cMACL
041 _aEnglish
082 _a100/ROS
100 _aEgner, Robert
_924000
245 _aThe Basic Writings of Bertrand Russell
260 _bGeorge Allen & Unwing
_c1961
_aLondon
350 _a42
650 _aPhilosophy
_924001
942 _cBK
_k100/Eng
_2ddc
999 _c35142
_d35142